000 00646nam a2200253Ia 4500
003 OSt
005 20220918221349.0
006 a|||||r|||| 00| 0
007 ta
008 220917b |||||||| |||| 00| 0 eng d
024 _a149,545
037 _cTextual
040 _aARTS
_cARTS
_beng
041 _2eng
_aeng
082 _aT15, M2
100 _aAnglin Leo W
_9140252
245 0 _aTeaching
_b what it is all about
260 _aLondon
_bHarper and Row
_c1982
300 _axii,372p.
_ccm.
500 _aGlossary 361-68p
650 _aEDUCATION
942 _hT15, M2
_cTEXL
_2CC
999 _c272211
_d272211